| 000 | 01619nam0a2200361 4500 | ||
|---|---|---|---|
| 001 | RU\NLR\bibl\1944512 | ||
| 005 | 20240726053023.0 | ||
| 020 |
_aRU _b20-7236 _9Летопись авторефератов диссертаций |
||
| 021 |
_aRU _b2012-1487а _9060аа |
||
| 035 | _a(NLR Aleph) 001933756 | ||
| 090 |
_a3471435 _c3471435 |
||
| 100 | _a20120615d2011 u u0rusy50 ca | ||
| 101 | 0 | _arus | |
| 102 | _aRU | ||
| 105 | _ay dm ||||| | ||
| 135 | _acocn 300apabp | ||
| 200 | 1 |
_aИсторическая семантика в культурологии _e(предмет и методы исследования) _eавтореф. дис. на соиск. учен. степ. д. культуролог. н. _eспециальность 24.00.01 <Теория и история культуры> _fКалинина Ирина Всеволодовна _gС.-Петерб. гос. ун-т |
|
| 210 |
_aСанкт-Петербург _d2011 |
||
| 215 |
_a46 с. _d21 |
||
| 320 | _aБиблиогр.: с. 44-46 (52 назв.) и в подстроч. примеч. | ||
| 325 | _aКопия доступна в Электрон. б-ке РНБ http://vivaldi.nlr.ru/bd000317423/view | ||
| 675 |
_a008 _v3 _zrus |
||
| 686 |
_a13 _2rugasnti |
||
| 686 |
_a71 _2rubbk |
||
| 686 |
_a24.00.01 _2oksvnk |
||
| 700 | 1 |
_aКалинина _bИ. В. _gИрина Всеволодовна _4070 |
|
| 801 | 0 |
_aRU _bRKP _c20120615 _gPSBO |
|
| 801 | 1 |
_aRU _bRKP _c20120615 |
|
| 801 | 2 |
_aRU _bNLR _c20120912 _grcr |
|
| 942 | _cBOOK | ||
| 981 | 1 | 0 | _a(10) Авторефераты |